Statistics for Name these Susans

Click here to take the quiz!

General Stats

  • This quiz has been taken 52 times
  • The average score is 5 of 20

Answer Stats

Answer% Correct
Susan Sarandon
88%
Sigourney Weaver
71%
Susan Boyle
71%
Susan B Anthony
49%
Siouxsie Sioux
35%
Susan Collins
24%
Susie Dent
22%
Suzi Quatro
20%
Susan Sontag
16%
Susan Rice
14%
Susan Calman
12%
Susan Atkins
10%
Susan Wojcicki
8%
Susan Strong
6%
Susie Essman
6%
Susan Blakely
4%
Susan Helms
4%
Susan Polgar
4%
Susan Saint James
4%
Susie Cave
0%

Score Distribution

Percentile by Number Answered

Percent of People with Each Score

Your Score History

You have not taken this quiz